[Event "Europa ch 2014"]
[Site "Yerevan ARM"]
[Date "2014.03.11"]
[Round "8.79"]
[White "Danielian, Elina"]
[Black "Birnboim, Nathan"]
[Result "1-0"]
[WhiteElo "2467"]
[BlackElo "2353"]
[PlyCount "63"]
[EventDate "2014.03.03"]
[EventType "swiss"]
[EventRounds "11"]
[EventCountry "ARM"]
[Source "lmi"]
[SourceDate "2014.03.02"]

1. d4 Nf6 2. Nf3 g6 3. c4 Bg7 4. g3 O-O 5. Bg2 Nc6 6. d5 Na5 7. Qd3 e6 8. Nc3
exd5 9. cxd5 c5 10. d6 b6 11. O-O Bb7 12. e4 Re8 13. Re1 h6 14. h3 c4 15. Qc2
Rb8 16. Bd2 b5 17. e5 Nh7 18. Rad1 Nc6 19. Nd5 Kh8 20. Nc7 Rf8 21. h4 a6 22. h5
g5 23. Qf5 Qc8 24. Nxg5 Nxg5 25. Bxg5 Nxe5 26. Bxh6 Bxh6 27. Rxe5 Bxg2 28. Kxg2
b4 29. Nd5 Rg8 30. Nf6 Qb7+ 31. Kh2 Rg7 32. Rde1 1-0

[Event "Europa ch 2014"]
[Site "Yerevan ARM"]
[Date "2014.03.11"]
[Round "8.80"]
[White "Rozhko, Dmitry"]
[Black "Mkrtchian, Lilit"]
[Result "1-0"]
[WhiteElo "2335"]
[BlackElo "2465"]
[PlyCount "133"]
[EventDate "2014.03.03"]
[EventType "swiss"]
[EventRounds "11"]
[EventCountry "ARM"]
[Source "lmi"]
[SourceDate "2014.03.02"]

1. d4 e6 2. Nf3 c5 3. c3 Nc6 4. Bg5 Qb6 5. Qb3 Qxb3 6. axb3 cxd4 7. Nxd4 Nxd4
8. cxd4 Bb4+ 9. Bd2 Bxd2+ 10. Kxd2 Nf6 11. Nc3 Ke7 12. e3 d6 13. Bd3 Bd7 14. b4
a6 15. Ra5 Bc6 16. Rha1 Bxg2 17. e4 d5 18. e5 Ne4+ 19. Bxe4 Bxe4 20. b5 Rab8
21. R1a2 axb5 22. Rxb5 Rhc8 23. Ra7 Rc7 24. Ke3 Bc2 25. Rb6 g5 26. Nb5 Rd7 27.
Nd6 f5 28. f4 h6 29. Nxb7 Rc7 30. Nc5 Rxa7 31. Rxb8 Kf7 32. Rh8 Ra1 33. Rxh6
gxf4+ 34. Kxf4 Rf1+ 35. Ke3 Be4 36. Rf6+ Kg8 37. Nxe6 Rf3+ 38. Ke2 Rb3 39. Rf8+
Kh7 40. Rf7+ Kg8 41. Rf8+ Kh7 42. Ng5+ Kg7 43. Rf7+ Kg6 44. h4 Rxb2+ 45. Ke3
Bc2 46. Rf6+ Kh5 47. Nf7 Kxh4 48. Kf4 Bd1 49. Rh6+ Bh5 50. Kxf5 Rf2+ 51. Ke6
Rf4 52. Rh8 Rxd4 53. Kf5 Rd1 54. e6 Rf1+ 55. Ke5 Kg4 56. Rg8+ Kh4 57. Nd6 Bg4
58. e7 Re1+ 59. Kf6 Rf1+ 60. Kg7 Bd7 61. Rh8+ Kg4 62. Rd8 Bc6 63. Nf7 Re1 64.
Kf6 Rf1+ 65. Ke6 Re1+ 66. Kd6 Kf4 67. Rf8 1-0

[Event "Europa ch 2014"]
[Site "Yerevan ARM"]
[Date "2014.03.11"]
[Round "8.81"]
[White "Ramazian, Arshak"]
[Black "Schreiner, Peter"]
[Result "1/2-1/2"]
[WhiteElo "2336"]
[BlackElo "2455"]
[PlyCount "79"]
[EventDate "2014.03.03"]
[EventType "swiss"]
[EventRounds "11"]
[EventCountry "ARM"]
[Source "lmi"]
[SourceDate "2014.03.02"]

1. e4 e5 2. Nf3 Nc6 3. Bb5 Nf6 4. O-O Nxe4 5. Re1 Nd6 6. Nxe5 Be7 7. Bf1 Nf5 8.
Nf3 O-O 9. d4 d5 10. Bf4 Bf6 11. c3 Nce7 12. h4 Ng6 13. Bh2 b6 14. Na3 a6 15.
Nc2 Nfxh4 16. Ne3 Be6 17. Nxh4 Bxh4 18. Qf3 Qd7 19. c4 c6 20. cxd5 cxd5 21.
Rac1 Ra7 22. b3 Bf6 23. Red1 Be7 24. Bd3 Ba3 25. Rc2 Ne7 26. Qh5 f5 27. Be5 Nc6
28. f4 Nb4 29. Rf2 Nxd3 30. Rxd3 Rc8 31. Nc2 Bf8 32. g4 g6 33. Qg5 fxg4 34. Ne3
Be7 35. Qh6 Rc1+ 36. Kh2 Bf8 37. Qg5 Be7 38. Qh6 Bf8 39. Qg5 Be7 40. Qh6
1/2-1/2

[Event "Europa ch 2014"]
[Site "Yerevan ARM"]
[Date "2014.03.11"]
[Round "8.82"]
[White "Vardanian, Haik G"]
[Black "Kreisl, Robert"]
[Result "0-1"]
[WhiteElo "2327"]
[BlackElo "2437"]
[PlyCount "60"]
[EventDate "2014.03.03"]
[EventType "swiss"]
[EventRounds "11"]
[EventCountry "ARM"]
[Source "lmi"]
[SourceDate "2014.03.02"]

1. e4 c6 2. Nc3 d5 3. Nf3 Nf6 4. e5 Ne4 5. d4 Nxc3 6. bxc3 c5 7. dxc5 e6 8. Nd4
Qa5 9. Qf3 Nc6 10. Nb3 Qc7 11. Bf4 Bd7 12. Bb5 a6 13. Bd3 Nxe5 14. Qg3 f6 15.
O-O g5 16. Bxe5 Qxe5 17. Qh3 O-O-O 18. c4 h5 19. Rac1 Qf4 20. c6 bxc6 21. cxd5
exd5 22. Bxa6+ Kc7 23. Qe3 Re8 24. Qxf4+ gxf4 25. Bd3 Bb4 26. Rb1 Rhg8 27. Rfc1
Bh3 28. g3 h4 29. c4 hxg3 30. cxd5 gxf2+ 0-1

[Event "Europa ch 2014"]
[Site "Yerevan ARM"]
[Date "2014.03.11"]
[Round "8.84"]
[White "Aharon, Ofir"]
[Black "Simonian, Tigran"]
[Result "1-0"]
[WhiteElo "2316"]
[BlackElo "2425"]
[PlyCount "105"]
[EventDate "2014.03.03"]
[EventType "swiss"]
[EventRounds "11"]
[EventCountry "ARM"]
[Source "lmi"]
[SourceDate "2014.03.02"]

1. e4 c5 2. Nf3 e6 3. d4 cxd4 4. Nxd4 Nc6 5. Nc3 Qc7 6. g3 a6 7. Bg2 Nf6 8. O-O
Be7 9. Re1 O-O 10. Nxc6 dxc6 11. e5 Rd8 12. Qf3 Nd5 13. h4 b5 14. Bg5 Bb7 15.
Ne4 c5 16. Nd6 Bxd6 17. Bxd8 Rxd8 18. exd6 Rxd6 19. Rad1 h6 20. Qe2 c4 21. c3
Rd8 22. Qe5 Qb6 23. Rd4 Kf8 24. g4 Qd6 25. g5 Qxe5 26. Rxe5 hxg5 27. hxg5 Ke7
28. Rh4 Kd6 29. Re1 g6 30. Rh7 Rd7 31. Bxd5 Bxd5 32. f4 a5 33. Rh8 Kc7 34. Rd1
b4 35. Kf2 Kb6 36. Rb8+ Ka7 37. Rc8 Rb7 38. Ke3 bxc3 39. bxc3 a4 40. a3 Rb3 41.
Kd4 Kb7 42. Rf8 Kc6 43. Ra8 Rxa3 44. Rb1 Rb3 45. Ra1 Rb2 46. Ra6+ Kd7 47. R1xa4
Re2 48. Kc5 Ke7 49. Rb4 Bf3 50. Rb8 e5 51. f5 Rd2 52. Ra7+ Rd7 53. f6+ 1-0

[Event "Europa ch 2014"]
[Site "Yerevan ARM"]
[Date "2014.03.11"]
[Round "8.85"]
[White "Petrosyan, Tigran S"]
[Black "Kursova, Maria"]
[Result "1-0"]
[WhiteElo "2425"]
[BlackElo "2326"]
[PlyCount "41"]
[EventDate "2014.03.03"]
[EventType "swiss"]
[EventRounds "11"]
[EventCountry "ARM"]
[Source "lmi"]
[SourceDate "2014.03.02"]

1. Nf3 c5 2. c4 Nc6 3. d4 cxd4 4. Nxd4 e6 5. Nc3 Nf6 6. g3 Qb6 7. Nb3 Bb4 8.
Bg2 d6 9. Qc2 Bd7 10. O-O Rc8 11. Be3 Qa6 12. Ne4 Nxe4 13. Qxe4 O-O 14. Rfd1 b5
15. a3 Qa4 16. cxb5 d5 17. Qh4 Qxb5 18. axb4 Nxb4 19. Nd4 Qb8 20. Qe7 Rfd8 21.
Bd2 1-0

[Event "Europa ch 2014"]
[Site "Yerevan ARM"]
[Date "2014.03.11"]
[Round "8.86"]
[White "Mikaelyan, Arman"]
[Black "Paravyan, David"]
[Result "0-1"]
[WhiteElo "2291"]
[BlackElo "2423"]
[PlyCount "78"]
[EventDate "2014.03.03"]
[EventType "swiss"]
[EventRounds "11"]
[EventCountry "ARM"]
[Source "lmi"]
[SourceDate "2014.03.02"]

1. d4 Nf6 2. Nf3 e6 3. c4 Bb4+ 4. Bd2 c5 5. Bxb4 cxb4 6. g3 O-O 7. Bg2 d6 8.
O-O a5 9. Nbd2 Qc7 10. a3 Na6 11. e4 e5 12. h3 b6 13. Qe2 Re8 14. b3 Bb7 15.
axb4 Nxb4 16. d5 Nd7 17. Rfc1 Nc5 18. Nh4 Bc8 19. Rc3 g6 20. Qe3 f6 21. f4 exf4
22. gxf4 Qg7 23. Re1 Ra7 24. Nhf3 Rae7 25. e5 fxe5 26. fxe5 Bf5 27. Rf1 Na2 28.
Nb1 Bxb1 29. Rxb1 Nxc3 30. Qxc3 Nd7 31. Qc2 Nc5 32. Ng5 Qh6 33. Ne4 Qe3+ 34.
Kh1 Rf8 35. Nxd6 Nd3 36. Rf1 Nf2+ 37. Kh2 Qxe5+ 38. Kg1 Qxd6 39. Rxf2 Re1+ 0-1

[Event "Europa ch 2014"]
[Site "Yerevan ARM"]
[Date "2014.03.11"]
[Round "8.87"]
[White "Chudinovskikh, Alexander M"]
[Black "Berchtenbreiter, Maximilian"]
[Result "1-0"]
[WhiteElo "2280"]
[BlackElo "2421"]
[PlyCount "77"]
[EventDate "2014.03.03"]
[EventType "swiss"]
[EventRounds "11"]
[EventCountry "ARM"]
[Source "lmi"]
[SourceDate "2014.03.02"]

1. Nf3 g6 2. e4 c6 3. d4 d5 4. Nbd2 Bg7 5. Bd3 Nh6 6. O-O O-O 7. Re1 a5 8. Qe2
Na6 9. c3 Nc7 10. Nf1 Re8 11. h3 a4 12. Ng3 f6 13. e5 Nf7 14. Bf4 Ne6 15. Bd2
fxe5 16. dxe5 Nc5 17. Bc2 b6 18. Rad1 Ba6 19. Qe3 Ne6 20. Nd4 Nxd4 21. cxd4 Bc4
22. e6 Nd6 23. b3 axb3 24. axb3 Bb5 25. h4 c5 26. Bc3 c4 27. h5 cxb3 28. Bxb3
Bc4 29. Bxc4 Nxc4 30. Qg5 Bf6 31. Qg4 Kh8 32. Rd3 Rg8 33. Rf3 Ra3 34. Rxf6 Rxc3
35. Rf7 Rg7 36. hxg6 hxg6 37. Qg5 Rxf7 38. exf7 Kg7 39. Nf5+ 1-0

[Event "Europa ch 2014"]
[Site "Yerevan ARM"]
[Date "2014.03.11"]
[Round "8.88"]
[White "Dastan, Muhammed Batuhan"]
[Black "Galojan, Lilit"]
[Result "1-0"]
[WhiteElo "2416"]
[BlackElo "2317"]
[PlyCount "99"]
[EventDate "2014.03.03"]
[EventType "swiss"]
[EventRounds "11"]
[EventCountry "ARM"]
[Source "lmi"]
[SourceDate "2014.03.02"]

1. Nf3 Nf6 2. g3 d5 3. Bg2 c6 4. O-O Bg4 5. c4 Nbd7 6. cxd5 cxd5 7. Nc3 e6 8.
Qb3 Qb6 9. Qxb6 axb6 10. h3 Bxf3 11. Bxf3 Bb4 12. a3 Ke7 13. Rb1 Bd6 14. d4
Rac8 15. Bd2 Nb8 16. e4 dxe4 17. Nxe4 Nc6 18. Nxf6 gxf6 19. Bc3 Rc7 20. Rfe1
Rg8 21. Kg2 Rd7 22. Be4 h6 23. d5 Ne5 24. f4 Ng6 25. Kf3 Nf8 26. Rbd1 e5 27.
Bf5 Rd8 28. g4 Nd7 29. Bxd7 Kxd7 30. fxe5 fxe5 31. Bxe5 Rg6 32. Re4 Bxe5 33.
Rxe5 Rf6+ 34. Kg3 Kd6 35. Re4 Rc8 36. Rb4 Kd7 37. Rdd4 Rd6 38. Rf4 Ke7 39.
Rbe4+ Kf8 40. Re6 Rcd8 41. Rxd6 Rxd6 42. Rf5 b5 43. Kf4 b4 44. Ke5 Rb6 45. a4
b3 46. Rf6 Rb4 47. Rxh6 Rxa4 48. Rb6 Ra1 49. Rxb3 Rh1 50. Kd6 1-0

[Event "Europa ch 2014"]
[Site "Yerevan ARM"]
[Date "2014.03.11"]
[Round "8.89"]
[White "Khachatryan, Vahagn"]
[Black "Kanter, Eduard"]
[Result "0-1"]
[WhiteElo "2278"]
[BlackElo "2410"]
[PlyCount "115"]
[EventDate "2014.03.03"]
[EventType "swiss"]
[EventRounds "11"]
[EventCountry "ARM"]
[Source "lmi"]
[SourceDate "2014.03.02"]

1. e4 c5 2. Nf3 d6 3. Bb5+ Bd7 4. Bxd7+ Nxd7 5. O-O Ngf6 6. Re1 e6 7. c3 Be7 8.
d4 cxd4 9. cxd4 d5 10. e5 Ne4 11. Nbd2 Nxd2 12. Bxd2 O-O 13. Re3 Nb8 14. Ne1 f5
15. exf6 Bxf6 16. Bc3 Qd7 17. Nd3 b6 18. Qg4 Nc6 19. Qxe6+ Qxe6 20. Rxe6 Rac8
21. Rd1 Rfd8 22. Nb4 Nxb4 23. Bxb4 Rc2 24. Bc3 Kf7 25. Ree1 Re8 26. g3 Rxe1+
27. Rxe1 b5 28. Rd1 Be7 29. Rb1 b4 30. Be1 Ke6 31. Kg2 Bf6 32. Bxb4 Bxd4 33.
Be1 Bxb2 34. Kf3 Bd4 35. Rd1 Bc3 36. Bxc3 Rxc3+ 37. Ke2 Ra3 38. Rd2 Ke5 39. Rb2
g5 40. h3 h5 41. Ke1 a5 42. Re2+ Kd4 43. Rd2+ Kc4 44. Rc2+ Rc3 45. Re2 Rc1+ 46.
Kd2 Ra1 47. Re5 Rxa2+ 48. Kd1 Rxf2 49. Rxg5 a4 50. Rg8 a3 51. Ra8 a2 52. Kc1 d4
53. g4 hxg4 54. hxg4 Kb3 55. Rb8+ Kc3 56. Rc8+ Kd3 57. Ra8 Rc2+ 58. Kd1 0-1

[Event "Europa ch 2014"]
[Site "Yerevan ARM"]
[Date "2014.03.11"]
[Round "8.90"]
[White "Meribanov, Vitaly"]
[Black "Vardanian, Hakob"]
[Result "1/2-1/2"]
[WhiteElo "2410"]
[BlackElo "2270"]
[PlyCount "87"]
[EventDate "2014.03.03"]
[EventType "swiss"]
[EventRounds "11"]
[EventCountry "ARM"]
[Source "lmi"]
[SourceDate "2014.03.02"]

1. e4 c5 2. Nc3 Nc6 3. Nf3 g6 4. Bb5 Nd4 5. Ba4 Bg7 6. O-O Rb8 7. Nxd4 cxd4 8.
Ne2 b5 9. Bb3 d3 10. cxd3 Bb7 11. f4 Qb6+ 12. Kh1 Nf6 13. e5 Nd5 14. d4 e6 15.
d3 f5 16. Qe1 Bf8 17. Bd2 Bc6 18. Bxd5 Bxd5 19. Bb4 Bxb4 20. Qxb4 a5 21. Qd2 b4
22. Rfc1 Kf7 23. Rc5 Rhc8 24. Qe3 Qb7 25. Qh3 Kg8 26. Kg1 a4 27. Kf2 Rc6 28. g4
Rxc5 29. dxc5 Qb5 30. gxf5 Qxc5+ 31. d4 Qc2 32. f6 Bc4 33. Re1 h5 34. Qe3 Bxa2
35. Rc1 Qf5 36. d5 exd5 37. Qa7 Rd8 38. Qxa4 Bc4 39. Qxb4 Bxe2 40. Kxe2 Qg4+
41. Ke3 Qh3+ 42. Kd4 Qf3 43. Qe7 Qxf4+ 44. Kd3 1/2-1/2

[Event "Europa ch 2014"]
[Site "Yerevan ARM"]
[Date "2014.03.11"]
[Round "8.91"]
[White "Manukyan, Sargis V"]
[Black "Nakar, Eylon"]
[Result "0-1"]
[WhiteElo "2268"]
[BlackElo "2409"]
[PlyCount "86"]
[EventDate "2014.03.03"]
[EventType "swiss"]
[EventRounds "11"]
[EventCountry "ARM"]
[Source "lmi"]
[SourceDate "2014.03.02"]

1. d4 Nf6 2. c4 g6 3. Nc3 Bg7 4. e4 O-O 5. Nf3 d6 6. Be2 e5 7. O-O Nc6 8. d5
Ne7 9. Ne1 Nd7 10. Nd3 f5 11. Bd2 fxe4 12. Nxe4 Nf5 13. Bc3 a5 14. g3 b6 15.
Bf3 Ba6 16. b3 b5 17. cxb5 Bxb5 18. Re1 Nb6 19. Nb2 Kh8 20. a4 Ba6 21. Nd2 Nd4
22. Bxd4 exd4 23. Nbc4 Nxc4 24. bxc4 Rb8 25. Be4 Qf6 26. Rf1 Bc8 27. Ra3 Bh3
28. Bg2 Bd7 29. Nb3 Rb4 30. Nxa5 Ra8 31. Qd2 Rxa4 32. Rxa4 Bxa4 33. Bh3 d3 34.
Nc6 Qc3 35. Qf4 Bc2 36. Qh4 d2 37. Bg4 Qf6 38. Qh3 Ra1 39. Nb4 Bb3 40. Be2 Re1
41. g4 Bxc4 42. g5 Qf8 43. Nd3 Rxe2 0-1

[Event "Europa ch 2014"]
[Site "Yerevan ARM"]
[Date "2014.03.11"]
[Round "8.92"]
[White "Bagaturov, Giorgi"]
[Black "Dilanyan, Grigor"]
[Result "1-0"]
[WhiteElo "2408"]
[BlackElo "2266"]
[PlyCount "97"]
[EventDate "2014.03.03"]
[EventType "swiss"]
[EventRounds "11"]
[EventCountry "ARM"]
[Source "lmi"]
[SourceDate "2014.03.02"]

1. c4 e6 2. Nf3 Nf6 3. g3 d5 4. Bg2 Be7 5. O-O O-O 6. Qc2 b6 7. d4 c6 8. Rd1
Ba6 9. b3 Nbd7 10. Nbd2 c5 11. e4 dxc4 12. bxc4 cxd4 13. e5 Ng4 14. Qe4 h5 15.
Nb3 Bxc4 16. Nbxd4 Bd5 17. Qe2 Bc5 18. h3 Bxf3 19. Qxf3 Ndxe5 20. Qe4 f5 21.
Qxa8 Qf6 22. Qxf8+ Kxf8 23. Bg5 Qg6 24. Nxe6+ Qxe6 25. Rd8+ Kf7 26. Bd5 Nxf2
27. Kg2 Ne4 28. Bxe6+ Kxe6 29. Re8+ Kf7 30. Rxe5 Nxg5 31. Rxf5+ Kg6 32. Rd5 Ne4
33. Re1 Nc3 34. Rd7 a5 35. a3 Nb5 36. Re6+ Kh7 37. Re5 Kg6 38. Re6+ Kh7 39. Rd5
Nxa3 40. Rxh5+ Kg8 41. Rxc5 bxc5 42. Re5 c4 43. Rxa5 Nc2 44. Kf3 g6 45. Ke4 Ne1
46. Rc5 Nd3 47. Rxc4 Nf2+ 48. Kf3 Nxh3 49. Rg4 1-0

[Event "Europa ch 2014"]
[Site "Yerevan ARM"]
[Date "2014.03.11"]
[Round "8.93"]
[White "Schachinger, Mario"]
[Black "Karatorossian, David"]
[Result "1-0"]
[WhiteElo "2398"]
[BlackElo "2262"]
[PlyCount "59"]
[EventDate "2014.03.03"]
[EventType "swiss"]
[EventRounds "11"]
[EventCountry "ARM"]
[Source "lmi"]
[SourceDate "2014.03.02"]

1. d4 Nf6 2. c4 c5 3. d5 e6 4. Nc3 exd5 5. cxd5 d6 6. Nf3 g6 7. Bf4 Bg7 8. Qa4+
Bd7 9. Qb3 Qc7 10. e4 O-O 11. Nd2 Nh5 12. Be3 f5 13. exf5 gxf5 14. Be2 Be8 15.
Nf3 h6 16. O-O Nd7 17. Nb5 Qb8 18. a4 a6 19. Na3 Qc7 20. Rac1 Kh8 21. Nd4 Qb6
22. Qxb6 Nxb6 23. Ne6 Nxd5 24. Nxf8 Bxf8 25. a5 Nhf6 26. Nc4 Nb4 27. Rfd1 Nfd5
28. Bf3 Bc6 29. Bxd5 Nxd5 30. Rxd5 1-0

[Event "Europa ch 2014"]
[Site "Yerevan ARM"]
[Date "2014.03.11"]
[Round "8.94"]
[White "Sanal, Vahap"]
[Black "Sargissyan, Sargis"]
[Result "0-1"]
[WhiteElo "2390"]
[BlackElo "2242"]
[PlyCount "54"]
[EventDate "2014.03.03"]
[EventType "swiss"]
[EventRounds "11"]
[EventCountry "ARM"]
[Source "lmi"]
[SourceDate "2014.03.02"]

1. e4 e5 2. Nf3 Nc6 3. Bb5 Nf6 4. d3 Bc5 5. O-O d6 6. c3 O-O 7. h3 a6 8. Ba4
Ba7 9. Bg5 h6 10. Bh4 g5 11. Nxg5 hxg5 12. Bxg5 Kh7 13. Qf3 Kg6 14. Bh4 Rh8 15.
Qg3+ Kh7 16. Qg5 Rg8 17. Qxf6 Qxf6 18. Bxf6 Bxh3 19. Kh2 Bxg2 20. Rg1 Rg6 21.
Bh4 Rag8 22. Bb3 R8g7 23. d4 exd4 24. Nd2 dxc3 25. bxc3 Bxf2 26. Bxf7 Rxf7 27.
Rxg2 Bxh4 0-1

[Event "Europa ch 2014"]
[Site "Yerevan ARM"]
[Date "2014.03.11"]
[Round "8.95"]
[White "Sibashvili, Giorgi"]
[Black "Ali Marandi, Cemil Can"]
[Result "1-0"]
[WhiteElo "2239"]
[BlackElo "2380"]
[PlyCount "87"]
[EventDate "2014.03.03"]
[EventType "swiss"]
[EventRounds "11"]
[EventCountry "ARM"]
[Source "lmi"]
[SourceDate "2014.03.02"]

1. d4 d5 2. c4 c6 3. cxd5 cxd5 4. Nf3 Nf6 5. Nc3 Nc6 6. Bf4 Nh5 7. Bg5 h6 8.
Bh4 g5 9. Bg3 Nxg3 10. hxg3 g4 11. Ne5 Nxe5 12. dxe5 Bg7 13. Qd4 Qc7 14. Rh5
Be6 15. e3 f5 16. exf6 Bxf6 17. Qa4+ Kf8 18. Nxd5 Bxd5 19. Rxd5 Bxb2 20. Rb1
Bc3+ 21. Kd1 Qc6 22. Qf4+ Bf6 23. Bc4 Rc8 24. Bb3 h5 25. e4 Kg7 26. e5 Rcd8 27.
exf6+ exf6 28. Rxd8 Rxd8+ 29. Ke2 Qb5+ 30. Qc4 Qd7 31. Kf1 b5 32. Qe2 Re8 33.
Rd1 Qc6 34. Qd3 a5 35. Qd7+ Qxd7 36. Rxd7+ Kh6 37. Rd5 a4 38. Bd1 Rc8 39. Rxb5
Rc1 40. Ke2 Ra1 41. Rb2 a3 42. Rd2 Kg5 43. Bb3 f5 44. Rd1 1-0

[Event "Europa ch 2014"]
[Site "Yerevan ARM"]
[Date "2014.03.11"]
[Round "8.96"]
[White "Charochkina, Daria"]
[Black "Zanan, Evgeny"]
[Result "0-1"]
[WhiteElo "2374"]
[BlackElo "2236"]
[PlyCount "92"]
[EventDate "2014.03.03"]
[EventType "swiss"]
[EventRounds "11"]
[EventCountry "ARM"]
[Source "lmi"]
[SourceDate "2014.03.02"]

1. d4 Nf6 2. c4 g6 3. Nc3 d5 4. cxd5 Nxd5 5. Bd2 Bg7 6. e4 Nxc3 7. Bxc3 O-O 8.
Nf3 Bg4 9. Be2 c5 10. d5 e6 11. O-O exd5 12. exd5 Qd6 13. Qb3 b6 14. Rfe1 Bxf3
15. Bxg7 Kxg7 16. Qxf3 a6 17. Qg3 Qxg3 18. hxg3 Nd7 19. Bf3 Kf6 20. d6 Rad8 21.
Re7 Rfe8 22. Bb7 a5 23. Rae1 Rxe7 24. Rxe7 Nf8 25. Bd5 Ne6 26. Bxe6 fxe6 27.
Rxh7 Rxd6 28. Rb7 Rd1+ 29. Kh2 Rd2 30. Rxb6 Rxf2 31. Rb5 a4 32. g4 Rc2 33. Kg3
Ke5 34. Kh4 Kd4 35. Kg5 Rxg2 36. Ra5 Rxb2 37. Rxa4+ c4 38. Kxg6 e5 39. Ra8 Rb5
40. a4 Rc5 41. a5 c3 42. a6 Rc6+ 43. Kf7 c2 44. Rd8+ Kc5 45. a7 c1=Q 46. a8=Q
Qf4+ 0-1

[Event "Europa ch 2014"]
[Site "Yerevan ARM"]
[Date "2014.03.11"]
[Round "8.97"]
[White "Hayrapetian, Arman"]
[Black "Pogosian, Georgy"]
[Result "1-0"]
[WhiteElo "2367"]
[BlackElo "2234"]
[PlyCount "103"]
[EventDate "2014.03.03"]
[EventType "swiss"]
[EventRounds "11"]
[EventCountry "ARM"]
[Source "lmi"]
[SourceDate "2014.03.02"]

1. e4 e6 2. d4 d5 3. Nd2 c5 4. exd5 Qxd5 5. Ngf3 cxd4 6. Bc4 Qd6 7. O-O Nf6 8.
Nb3 Nc6 9. Nbxd4 Nxd4 10. Qxd4 Qxd4 11. Nxd4 Bd7 12. c3 Rc8 13. Be2 Bc5 14. Nb3
Bb6 15. a4 a6 16. a5 Ba7 17. Bf3 Bc6 18. Bxc6+ Rxc6 19. Ra4 Ke7 20. Rd1 Rhc8
21. Rb4 b5 22. axb6 Rxb6 23. Rxb6 Bxb6 24. Bg5 Rb8 25. Nd2 Rd8 26. Ra1 Rd5 27.
Rxa6 Rxg5 28. Rxb6 Rd5 29. Nf1 Rd1 30. Rb7+ Ke8 31. g3 Rb1 32. Kg2 Ne4 33. c4
Rc1 34. Ne3 g5 35. b4 h5 36. c5 g4 37. f3 Nf6 38. fxg4 hxg4 39. h3 gxh3+ 40.
Kxh3 Ne4 41. Ng4 Ng5+ 42. Kg2 Rc2+ 43. Kf1 Nf3 44. Nf6+ Kf8 45. b5 Rd2 46. Ng4
f5 47. Nf2 Ke8 48. c6 Rc2 49. c7 Ne5 50. Rb8+ Kd7 51. b6 Nf7 52. Nd3 1-0

[Event "Europa ch 2014"]
[Site "Yerevan ARM"]
[Date "2014.03.11"]
[Round "8.99"]
[White "Cerbulenco, Liviu"]
[Black "Popilski, Gil"]
[Result "1/2-1/2"]
[WhiteElo "2160"]
[BlackElo "2503"]
[PlyCount "44"]
[EventDate "2014.03.03"]
[EventType "swiss"]
[EventRounds "11"]
[EventCountry "ARM"]
[Source "lmi"]
[SourceDate "2014.03.02"]

1. e4 c5 2. Nf3 e6 3. d4 cxd4 4. Nxd4 Nc6 5. Nc3 Qc7 6. Be2 a6 7. O-O Nf6 8.
Be3 Be7 9. f4 d6 10. Kh1 O-O 11. a4 Re8 12. Bf3 Rb8 13. Qd2 Bf8 14. Qf2 Nd7 15.
Rad1 Nb4 16. Qd2 Nc6 17. a5 b5 18. axb6 Nxb6 19. b3 Bb7 20. Nxc6 Qxc6 21. e5 d5
22. Na4 Na8 1/2-1/2

[Event "Europa ch 2014"]
[Site "Yerevan ARM"]
[Date "2014.03.11"]
[Round "8.100"]
[White "Gharagyozyan, Artur"]
[Black "Hayrapetyan, Hovik"]
[Result "0-1"]
[WhiteElo "2216"]
[BlackElo "2458"]
[PlyCount "120"]
[EventDate "2014.03.03"]
[EventType "swiss"]
[EventRounds "11"]
[EventCountry "ARM"]
[Source "lmi"]
[SourceDate "2014.03.02"]

1. e4 c5 2. Nf3 e6 3. Nc3 a6 4. d4 cxd4 5. Nxd4 Qc7 6. Be2 Nf6 7. O-O Nc6 8.
Be3 Be7 9. f4 d6 10. a4 O-O 11. a5 Nxa5 12. e5 dxe5 13. fxe5 Nd7 14. Bf4 Rd8
15. Kh1 Nxe5 16. Bd3 f5 17. Qe2 Bd6 18. Ndb5 axb5 19. Nxb5 Nxd3 20. Nxc7 Nxf4
21. Rxf4 Bxc7 22. Rfa4 Ra6 23. b4 Nc6 24. Rxa6 bxa6 25. Qc4 Rd6 26. Qc5 Bb7 27.
c4 Bb8 28. h3 Kf7 29. b5 axb5 30. Qxb5 Nd8 31. c5 Rd5 32. Qb6 Be5 33. Re1 Bg3
34. Rc1 Bc6 35. Qb2 Bf4 36. Rg1 Rd3 37. Ra1 Rxh3+ 38. Kg1 Be3+ 39. Kf1 Rh1+ 40.
Ke2 Rxa1 41. Qxa1 Bxc5 42. g3 Be7 43. Kf2 Be4 44. Qa4 Nc6 45. g4 Ne5 46. gxf5
Bxf5 47. Kg3 h5 48. Kh2 h4 49. Qf4 Nd3 50. Qf3 g5 51. Qh5+ Kg7 52. Kg1 Bc5+ 53.
Kh2 Be7 54. Kg1 Bg6 55. Qf3 Nf4 56. Qc3+ Bf6 57. Qc7+ Kh6 58. Qd6 Bg7 59. Qe7
Be4 60. Kh2 Bf5 0-1

[Event "Europa ch 2014"]
[Site "Yerevan ARM"]
[Date "2014.03.11"]
[Round "8.101"]
[White "Tiraturyan, David"]
[Black "Lugovskoy, Maxim"]
[Result "0-1"]
[WhiteElo "2201"]
[BlackElo "2397"]
[PlyCount "56"]
[EventDate "2014.03.03"]
[EventType "swiss"]
[EventRounds "11"]
[EventCountry "ARM"]
[Source "lmi"]
[SourceDate "2014.03.02"]

1. e4 e6 2. Qe2 e5 3. Nf3 Nc6 4. Qe3 d6 5. Bc4 Be7 6. Qb3 Nh6 7. d3 Na5 8. Qc3
Nxc4 9. Bxh6 gxh6 10. Qxc4 Rg8 11. g3 Bg4 12. Nbd2 Qd7 13. a4 O-O-O 14. O-O f5
15. Qb5 c6 16. Qb3 h5 17. a5 f4 18. a6 b6 19. d4 h4 20. dxe5 hxg3 21. fxg3 fxg3
22. hxg3 dxe5 23. Kh2 Qd6 24. Qc3 Qh6+ 25. Kg2 Qh3+ 26. Kf2 Bc5+ 27. Ke1 Qxg3+
28. Kd1 Bxf3+ 0-1

[Event "Europa ch 2014"]
[Site "Yerevan ARM"]
[Date "2014.03.11"]
[Round "8.102"]
[White "Oganian, Miran"]
[Black "Hakobyan, Aram"]
[Result "1-0"]
[WhiteElo "2376"]
[BlackElo "2103"]
[PlyCount "67"]
[EventDate "2014.03.03"]
[EventType "swiss"]
[EventRounds "11"]
[EventCountry "ARM"]
[Source "lmi"]
[SourceDate "2014.03.02"]

1. d4 Nf6 2. c4 e6 3. g3 c5 4. d5 exd5 5. cxd5 b5 6. Bg2 d6 7. e4 Nbd7 8. Nh3
g6 9. O-O Bg7 10. a4 b4 11. Bf4 Ne5 12. Bxe5 dxe5 13. Qc2 Ba6 14. Rd1 Qd6 15.
Bf1 Bxf1 16. Rxf1 O-O 17. Nd2 Qd7 18. Kg2 Nh5 19. f3 f5 20. Rad1 Rac8 21. b3
Bh6 22. Nc4 Rce8 23. Nf2 Bg7 24. Qe2 Qe7 25. Nh3 Nf6 26. Rfe1 Qd8 27. Ng5 Qd7
28. Ne6 Rxe6 29. dxe6 Qxe6 30. exf5 Qxf5 31. Nxe5 h6 32. g4 Qc8 33. Nxg6 Rf7
34. Ne7+ 1-0

[Event "Europa ch 2014"]
[Site "Yerevan ARM"]
[Date "2014.03.11"]
[Round "8.103"]
[White "Hairapetian, Anna"]
[Black "Bulmaga, Irina"]
[Result "1/2-1/2"]
[WhiteElo "2188"]
[BlackElo "2375"]
[PlyCount "159"]
[EventDate "2014.03.03"]
[EventType "swiss"]
[EventRounds "11"]
[EventCountry "ARM"]
[Source "lmi"]
[SourceDate "2014.03.02"]

1. e4 c5 2. Nf3 d6 3. d4 cxd4 4. Nxd4 Nf6 5. Nc3 a6 6. Be2 e5 7. Nb3 Be7 8. Bg5
Be6 9. Bxf6 Bxf6 10. Qd3 O-O 11. O-O-O Qb6 12. Rhf1 Nc6 13. Qxd6 Be7 14. Nd5
Bxd5 15. Qxd5 Rac8 16. Qd7 Rc7 17. Qg4 Nb4 18. Kb1 Qc6 19. Rc1 Qa4 20. a3 Nc6
21. Na1 Nd4 22. c3 Ne6 23. Bd1 Qb5 24. Qe2 Qb6 25. Bb3 Nf4 26. Qf3 a5 27. g3
Ne6 28. Ka2 Nc5 29. Bd5 Na4 30. Rc2 Qa6 31. Rd1 b5 32. Qd3 Qb6 33. Rdc1 Nc5 34.
Qe3 Qa6 35. h4 Na4 36. Qe2 Kh8 37. Nb3 Nb6 38. Rd1 Na4 39. Qd3 Qb6 40. Qe3 Qd6
41. Qc1 Qa6 42. Qe3 b4 43. Qd3 Qa7 44. Qb5 Nb6 45. Qxa5 Qb8 46. Qb5 bxa3 47.
Ra1 Nxd5 48. Qxb8 Rxb8 49. exd5 Rcb7 50. d6 Bxd6 51. Rd1 Bf8 52. Nd2 Rxb2+ 53.
Rxb2 Rxb2+ 54. Ka1 h6 55. Nc4 Rb5 56. Rd8 Kg8 57. Nxa3 Rc5 58. Kb2 f5 59. c4
Kf7 60. Kc3 Ra5 61. Nc2 Be7 62. Rc8 Ke6 63. Rc6+ Bd6 64. Rb6 Kd7 65. Rb7+ Bc7
66. Ne3 Kc6 67. Rb5 Ra2 68. Nxf5 Rxf2 69. Nxg7 Rf3+ 70. Kd2 e4 71. Nf5 Rd3+ 72.
Ke2 h5 73. Ng7 Rxg3 74. Nxh5 Rh3 75. Nf6 Rxh4 76. Rh5 Rf4 77. Nd5 Rg4 78. Nxc7
Kxc7 79. Ke3 Kd6 80. Rd5+ 1/2-1/2